000 00290nam a22001217a 4500
008 170301b xxu||||| |||| 00| 0 eng d
041 _aeng
080 _25TH
_a61
100 _a6
101 _aSHM
245 _aPRINCIPLES IN PRACTICE OF OBSETRIC ANAESTHESIA
_cCRAWFORD, J.S
942 _2udc
_cBK
999 _c6525
_d6525